| 000 | 00761cab a2200241 4500 | ||
|---|---|---|---|
| 001 | ABS58895 | ||
| 008 | 090401t1998 xxu||||| |||| 00| 0 eng d | ||
| 035 | _a(Sirsi) u87218 | ||
| 041 | _aeng | ||
| 100 | _aHall, B. | ||
| 245 | 4 | _aThe burden of social housing on developers | |
| 260 | _c1998 | ||
| 350 | _a0 | ||
| 490 |
_aProperty Week _v63(10) 26 June 1998, 44(1) |
||
| 520 | _aDiscusses the "Planning and Affordable Housing" (Circular 6/98) which amplifies the government`s preferred approach to planning and affordable housing. | ||
| 650 | _aDEVELOPMENT PLAN | ||
| 650 | _aPLANNING GAIN | ||
| 650 | _aPLANNING POLICY | ||
| 650 | _aTOWN AND COUNTRY PLANNING ACT 1990 S106 | ||
| 690 | _aHOUSING DEVELOPMENT | ||
| 942 | _n0 | ||
| 948 | _c03/07/1998 | ||
| 999 |
_c55000 _d55000 |
||